000 00393pam a2200157a 44500
008 230515b1987 xxu||||| |||| 00| 0 eng d
020 _a0
041 _aENGLISH
082 _a615.2 GUN
100 _aGUNE GANGANDHAR SHASTRI
245 _aAYURVEDIYA AOUSHDHE GUNEDHARM SHASTRA PART - 1
250 _aN.D.
260 _aPUNE
_bVIDYAK GRANTH BHANDAR
_c1987
300 _a144
650 _aN.D.
999 _c483952
_d483952